Электромагнитный импульс высотного ядерного взрыва и защита электрооборудования от него: монография

التفاصيل البيبلوغرافية
المؤلف الرئيسي: Гуревич В. И. Владимир Игоревич
الملخص:Рассказывается об истории развития военных ядерных программ в СССР и США, роли разведки в создании ядерного оружия в СССР, обнаружении электромагнитного импульса при ядерном взрыве (ЭМИ ЯВ), многочисленных испытаниях ядерных боеприпасов. Использованы в том числе и недавно рассекреченные материалы. В доступной для неспециалистов в области ядерной физики форме описан процесс образования ЭМИ ЯВ при подрыве ядерного боеприпаса на большой высоте, показано влияние многочисленных факторов на интенсивность электромагнитного импульса при ядерном взрыве и его параметры. Рассмотрено влияние ЭМИ ЯВ на электронные компоненты и устройства, а также и на силовое электрооборудование энергосистем. Большую часть книги занимает описание средств и методов защиты электронного и электротехнического оборудования от ЭМИ ЯВ, порядка испытания этого оборудования на устойчивость к ЭМИ ЯВ и оценки эффективности средств защиты. По широте охвата проблемы, новизне, глубине и практической значимости описанных технических решений книга является, фактически, энциклопедией ЭМИ ЯВ и не имеет аналогов на книжном рынке.
اللغة:الروسية
منشور في: Москва, Инфра-Инженерия, 2019
الموضوعات:
التنسيق: MixedMaterials كتاب
KOHA link:https://koha.lib.tpu.ru/cgi-bin/koha/opac-detail.pl?biblionumber=341599

MARC

LEADER 00000nam0a2200000 4500
001 341599
005 20231102005348.0
010 |a 9785972902736 
035 |a (RuTPU)RU\TPU\book\369818 
090 |a 341599 
100 |a 20181017d2019 k y0rusy50 ca 
101 0 |a rus 
102 |a RU 
105 |a a z 001zy 
200 1 |a Электромагнитный импульс высотного ядерного взрыва и защита электрооборудования от него  |e монография  |f В. И. Гуревич 
210 |a Москва  |c Инфра-Инженерия  |d 2019 
215 |a 514 с.  |c ил. 
320 |a Библиография в конце глав 
330 |a Рассказывается об истории развития военных ядерных программ в СССР и США, роли разведки в создании ядерного оружия в СССР, обнаружении электромагнитного импульса при ядерном взрыве (ЭМИ ЯВ), многочисленных испытаниях ядерных боеприпасов. Использованы в том числе и недавно рассекреченные материалы. В доступной для неспециалистов в области ядерной физики форме описан процесс образования ЭМИ ЯВ при подрыве ядерного боеприпаса на большой высоте, показано влияние многочисленных факторов на интенсивность электромагнитного импульса при ядерном взрыве и его параметры. Рассмотрено влияние ЭМИ ЯВ на электронные компоненты и устройства, а также и на силовое электрооборудование энергосистем. Большую часть книги занимает описание средств и методов защиты электронного и электротехнического оборудования от ЭМИ ЯВ, порядка испытания этого оборудования на устойчивость к ЭМИ ЯВ и оценки эффективности средств защиты. По широте охвата проблемы, новизне, глубине и практической значимости описанных технических решений книга является, фактически, энциклопедией ЭМИ ЯВ и не имеет аналогов на книжном рынке. 
606 1 |a Электрические установки  |x Защита  |2 stltpush  |3 (RuTPU)RU\TPU\subj\27678  |9 51398 
610 1 |a электромагнитные импульсы 
610 1 |a прошлое 
610 1 |a настоящее 
610 1 |a имитаторы 
610 1 |a электронное оборудование 
610 1 |a уязвимость 
610 1 |a маломощные защитные элементы 
610 1 |a внешняя защита 
610 1 |a энергообъекты 
610 1 |a энергосистемы 
610 1 |a электронная аппаратура 
610 1 |a заземление 
610 1 |a контрольные кабели 
610 1 |a экраны 
610 1 |a фильтры 
610 1 |a высоковольтные изолирующие интерфейсы 
610 1 |a шкафы 
610 1 |a устойчивость 
610 1 |a системы электропитания 
610 1 |a телекоммуникации 
610 1 |a автоматическое пожаротушение 
610 1 |a дизель-генераторы 
610 1 |a микропроцессорные реле защиты 
610 1 |a тестирование 
610 1 |a силовые трансформаторы 
610 1 |a геомагнитно-индуцированные токи 
610 1 |a монографии 
675 |a 621.316.9  |v 4 
700 1 |a Гуревич  |b В. И.  |g Владимир Игоревич 
801 1 |a RU  |b 63413507  |c 20181017 
801 2 |a RU  |b 63413507  |c 20200828  |g RCR 
942 |c BK 
959 |a 3/20180221  |d 1  |e 2040,00  |f ЧЗТЛ:1